| 000 | 00931nam a2200313I 4500 | ||
|---|---|---|---|
| 001 | 200448415 | ||
| 003 | TR-AnTOB | ||
| 005 | 20241125085733.0 | ||
| 007 | ta | ||
| 008 | 830120s1964 nyu 000 0 eng | ||
| 010 | _a64016687 | ||
| 035 | _a0226-92160 | ||
| 040 |
_aDLC _beng _erda _cDLC _dOUN _dTR-AnTOB |
||
| 041 | 0 | _aeng | |
| 050 | 0 | 4 |
_aHD1415 _b.R53 1964 |
| 090 |
_aHD1415 _b.R53 1964 |
||
| 100 |
_aRichter, John Hans, _d1901- _eauthor _9136423 |
||
| 245 | 1 | 0 |
_aAgricultural protection and trade : _bproposals for an international policy / _c[by] J. H. Richter. |
| 264 | 1 |
_aNew York : _bF. A. Praeger, _c1964. |
|
| 300 |
_axi, 148 pages ; _c22 cm |
||
| 336 |
_2rdacontent _atext _btxt |
||
| 337 |
_2rdamedia _aunmediated _bn |
||
| 338 |
_2rdacarrier _avolume _bnc |
||
| 650 | 0 |
_aCommercial policy _91732 |
|
| 650 | 0 |
_aProduce trade _934118 |
|
| 942 |
_2lcc _cBK |
||
| 999 |
_c200448415 _d66627 |
||